´Rehabilitación y puesta en marcha de sierra alternativa ubicada en el taller de Maquinas Herramientas, UNI-RUPAP

En este trabajo se detalla el proceso para la rehabilitación, así como también la puesta en marcha de la máquina herramienta sierra alternativa GATEVELOX ya que esta estaba en mal estado y es una maquina fundamental para el aprendizaje de los estudiantes, así como también para los procesos...

Full description

Bibliographic Details
Main Authors: Lara Alemán, Maverick Antonio, Núñez González, Wilson Orlando
Other Authors: Tutor: Rodríguez García, Jorge Alberto
Format: Tesis Section = Libro
Language:Undetermined
Spanish
Published: Managua UNI 2019
Subjects:
LEADER 01189nam a2200253Ia 4500
008 240830s9999 xx 000 0 und d
040 |a BIBLIOTECA-RUPAP Mon 621.902 L318 
041 |a spa 
082 |a Mon 621.902 L318 
100 1 |a Lara Alemán, Maverick Antonio 
100 1 |b Núñez González, Wilson Orlando 
245 1 0 |a ´Rehabilitación y puesta en marcha de sierra alternativa ubicada en el taller de Maquinas Herramientas, UNI-RUPAP 
260 |a Managua  |b UNI  |c 2019 
300 |a 72 p. :il. 
500 |a Contiene: anexos y CD. 
502 |a Tesis (Ingeniero Mecánico)- UNI, 2019. 
520 3 |a En este trabajo se detalla el proceso para la rehabilitación, así como también la puesta en marcha de la máquina herramienta sierra alternativa GATEVELOX ya que esta estaba en mal estado y es una maquina fundamental para el aprendizaje de los estudiantes, así como también para los procesos de manufactura en un taller de máquina herramienta. 
650 7 |a  MAQUINAS HERRAMIENTAS 
650 7 |b MAQUINAS SIERRAS 
650 7 |c SIERRAS-MANTENIMIENTO 
700 1 |a Tutor:  |b Rodríguez García, Jorge Alberto 
942 |c BK  |2 ddc 
991 |a TESIS 
999 |c 15828